000 00679nam a22001937a 4500
999 _c4427
_d4427
003 AR-CdUCM
008 190308b ||||| |||| 00| 0 spa d
040 _aMUNICIPALIDAD PROVINCIAL DEL CUSCO
_cBIBLIOTECA MUNICIPAL DEL CUSCO
082 _a869.56 /
_bC41
100 _aCerna Guardia, Rosa
_92656
245 _aTataramundo /
260 _aLima :
_bAve,
_c1990.
300 _a234 paginas ;
_c20 cm.
505 _aContenido :Tataramundo o mundo mundiriviejo --Meztisaje --La tradicion oral y los niƱos --Deshojando margaritas --A jugar retrocediendo ...
650 _aLiteratura infantil peruana
_913948
650 _aColecciones
_9607
942 _2ddc
_cLIBROS
945 _arjall